[Event "DVM U16 2016"]
[Site "Neumarkt in der Oberpfalz GER"]
[Date "2016.12.28"]
[Round "4"]
[White "Yaroshenko, Yaroslav"]
[Black "Hoffmann, Lennard"]
[Result "0-1"]
[Termination "normal"]
[Board "2.4"]
[WhiteElo "1684"]
[BlackElo "1938"]
[WhiteClock "00:11:19"]
[BlackClock "00:18:21"]
[WhiteTeam "SK Gräfelfing"]
[BlackTeam "SG Aufbau Elbe Magdeburg"]
[PlyCount "56"]
[WhiteFideId "16204905"]
[BlackFideId "12943495"]
[EventCountry "GER"]
[EventRounds "7"]
[EventType "team-swiss"]
[EventDate "2016.12.26"]

1. d4 {[%clk 1:30:58]} Nf6 {[%clk 1:30:54]} 2. c4 {[%clk 1:31:24]} c5 {[%clk
1:31:14]} 3. d5 {[%clk 1:31:19]} b5 {[%clk 1:31:26]} 4. e3 {[%clk 1:28:36]} Bb7
{[%clk 1:29:47]} 5. Nc3 {[%clk 1:28:01]} b4 {[%clk 1:24:27]} 6. Nce2 {[%clk
1:26:32]} e6 {[%clk 1:23:00]} 7. dxe6 {[%clk 1:25:13]} fxe6 {[%clk 1:23:12]} 8.
Ng3 {[%clk 1:21:22]} Be7 {[%clk 1:21:23]} 9. Nf3 {[%clk 1:18:06]} O-O {[%clk
1:20:45]} 10. Be2 {[%clk 1:17:51]} Qb6 {[%clk 1:04:47]} 11. b3 {[%clk 1:12:55]}
Ne4 {[%clk 0:57:00]} 12. Nxe4 {[%clk 1:08:11]} Bxe4 {[%clk 0:57:27]} 13. Bb2
{[%clk 1:08:24]} Bf6 {[%clk 0:51:49]} 14. Bxf6 {[%clk 1:06:30]} Rxf6 {[%clk
0:51:49]} 15. Bd3 {[%clk 0:56:37]} Bxf3 {[%clk 0:47:38]} 16. gxf3 {[%clk
0:57:02]} d5 {[%clk 0:47:00]} 17. cxd5 {[%clk 0:51:31]} exd5 {[%clk 0:47:20]}
18. f4 {[%clk 0:51:30]} Qe6 {[%clk 0:45:26]} 19. Qh5 {[%clk 0:47:24]} g6 {[%clk
0:39:20]} 20. Rg1 {[%clk 0:30:37]} Nd7 {[%clk 0:34:48]} 21. Ke2 {[%clk
0:20:40]} Raf8 {[%clk 0:30:57]} 22. Raf1 {[%clk 0:18:45]} c4 {[%clk 0:29:42]}
23. Bb1 {[%clk 0:18:00]} d4 {[%clk 0:25:28]} 24. bxc4 {[%clk 0:17:02]} Qxc4+
{[%clk 0:25:45]} 25. Kf3 {[%clk 0:12:57]} d3 {[%clk 0:19:29]} 26. Rc1 {[%clk
0:12:02]} Rxf4+ {[%clk 0:17:30]} 27. exf4 {[%clk 0:11:10]} Qxf4+ {[%clk
0:17:59]} 28. Kg2 {[%clk 0:11:19]} gxh5 {[%clk 0:18:21]} 0-1

[Event "DVM U16 2016"]
[Site "Neumarkt in der Oberpfalz GER"]
[Date "2016.12.28"]
[Round "4"]
[White "Schilay, Lorenz"]
[Black "Kasüschke, Lars"]
[Result "0-1"]
[Termination "normal"]
[Board "3.1"]
[WhiteElo "1840"]
[BlackElo "1900"]
[WhiteTeam "SK Neumarkt"]
[BlackTeam "SG Schwäbisch Gmünd"]
[PlyCount "52"]
[WhiteFideId "12930180"]
[BlackFideId "12939510"]
[EventCountry "GER"]
[EventRounds "7"]
[EventType "team-swiss"]
[EventDate "2016.12.26"]

1. e4 c5 2. Nc3 e6 3. f4 d5 4. e5 Nc6 5. Nf3 Be7 6. Be2 Nh6 7. d4 Nf5 8. Bb5
O-O 9. Bxc6 bxc6 10. O-O Ba6 11. Re1 cxd4 12. Ne2 c5 13. g4 Ne3 14. Bxe3 dxe3
15. c3 Qb6 16. Qc1 Bxe2 17. Rxe2 d4 18. c4 Qc6 19. Kg2 Bh4 20. Qc2 Rad8 21. Rd1
a5 22. Qb3 Bf2 23. Qd3 f6 24. Rxf2 exf2 25. Kxf2 fxe5 26. fxe5 Rxf3+  0-1

[Event "DVM U16 2016"]
[Site "Neumarkt in der Oberpfalz GER"]
[Date "2016.12.28"]
[Round "4"]
[White "Reindl, Arno"]
[Black "Neppert, Paul"]
[Result "1-0"]
[Termination "normal"]
[Board "3.2"]
[WhiteElo "1854"]
[BlackElo "1511"]
[WhiteTeam "SG Schwäbisch Gmünd"]
[BlackTeam "SK Neumarkt"]
[PlyCount "41"]
[WhiteFideId "12946729"]
[BlackFideId "16219414"]
[EventCountry "GER"]
[EventRounds "7"]
[EventType "team-swiss"]
[EventDate "2016.12.26"]

1. e4 e5 2. Nf3 Nc6 3. d4 exd4 4. Bc4 Bb4+ 5. c3 Ba5 6. O-O Nge7 7. cxd4 O-O 8.
Ng5 h6 9. Nxf7 Rxf7 10. Bxf7+ Kxf7 11. d5 Ne5 12. f4 N5g6 13. f5 Nh8 14. Qh5+
Kf8 15. f6 Ng8 16. fxg7+ Kxg7 17. b4 Bb6+ 18. Kh1 Qe7 19. Bb2+ Kh7 20. Qf5+ Ng6
21. Qf7+  1-0

[Event "DVM U16 2016"]
[Site "Neumarkt in der Oberpfalz GER"]
[Date "2016.12.28"]
[Round "4"]
[White "Schilay, Eva"]
[Black "Reindl, Knut"]
[Result "0-1"]
[Termination "normal"]
[Board "3.3"]
[WhiteElo "1595"]
[BlackElo "1823"]
[WhiteClock "00:24:21"]
[BlackClock "00:16:32"]
[WhiteTeam "SK Neumarkt"]
[BlackTeam "SG Schwäbisch Gmünd"]
[PlyCount "88"]
[WhiteFideId "12930164"]
[BlackFideId "12946753"]
[EventCountry "GER"]
[EventRounds "7"]
[EventType "team-swiss"]
[EventDate "2016.12.26"]

1. Nc3 { [%clk 1:30:41]}  1... c5 { [%clk 1:31:15]}  2. Nf3 { [%clk 1:31:05]}
2... Nf6 { [%clk 1:31:20]}  3. d4 { [%clk 1:31:00]}  3... cxd4 { [%clk
1:31:43]}  4. Nxd4 g6 { [%clk 1:31:56]}  5. g3 { [%clk 1:31:40]}  5... Bg7 {
[%clk 1:32:17]}  6. Bg2 { [%clk 1:31:02]}  6... O-O { [%clk 1:32:08]}  7. O-O {
[%clk 1:31:03]}  7... Nc6 { [%clk 1:32:08]}  8. Bg5 { [%clk 1:29:13]}  8... h6
{ [%clk 1:25:41]}  9. Be3 { [%clk 1:19:58]}  9... Ng4 { [%clk 1:20:27]}  10.
Nxc6 { [%clk 1:14:07]}  10... bxc6 { [%clk 1:18:22]}  11. Bd4 { [%clk 1:12:07]}
11... Nf6 { [%clk 1:09:44]}  12. Ne4 { [%clk 1:05:24]}  12... Nxe4 { [%clk
1:05:23]}  13. Bxg7 { [%clk 0:58:32]}  13... Kxg7 { [%clk 1:05:44]}  14. Bxe4 {
[%clk 0:58:55]}  14... d5 { [%clk 1:05:42]}  15. Bg2 { [%clk 0:56:10]}  15...
Qb6 { [%clk 1:02:55]}  16. b3 { [%clk 0:54:28]}  16... Ba6 { [%clk 0:57:39]}
17. Re1 { [%clk 0:54:08]}  17... f5 { [%clk 0:57:34]}  18. e3 { [%clk 0:54:24]}
18... e5 { [%clk 0:53:15]}  19. Qd2 { [%clk 0:47:05]}  19... e4 { [%clk
0:48:37]}  20. Rad1 { [%clk 0:47:11]}  20... Rad8 { [%clk 0:39:34]}  21. Qc3+ {
[%clk 0:45:14]}  21... Kh7 { [%clk 0:38:04]}  22. Rd2 { [%clk 0:43:27]}  22...
Rd7 { [%clk 0:37:22]}  23. Red1 { [%clk 0:42:41]}  23... Rfd8 { [%clk 0:34:57]}
24. Qb2 { [%clk 0:36:44]}  24... c5 { [%clk 0:29:05]}  25. c3 { [%clk 0:36:44]}
 25... Bd3 { [%clk 0:20:27]}  26. Bf1 { [%clk 0:24:21]}  26... c4 { [%clk
0:16:32]}  27. b4 Qa6 28. Bg2 Rb7 29. Qa1 Qa4 30. Rb2 Qa3 31. Rbd2 a5 32. Qb2
axb4 33. cxb4 Qxb2 34. Rxb2 c3 35. Rb3 Bc2 36. Rxc3 Bxd1 37. a3 Be2 38. Bf1
Bxf1 39. Kxf1 Ra8 40. Kg2 h5 41. Kh3 Kh6 42. Kg2 Rba7 43. b5 Rxa3 44. Rc5 Rb3
0-1

[Event "DVM U16 2016"]
[Site "Neumarkt in der Oberpfalz GER"]
[Date "2016.12.28"]
[Round "4"]
[White "Silber, Kevin"]
[Black "Färber, David"]
[Result "1/2-1/2"]
[Termination "normal"]
[Board "4.1"]
[WhiteElo "2053"]
[BlackElo "2159"]
[WhiteTeam "Delmenhorster SK"]
[BlackTeam "SV Walldorf"]
[PlyCount "61"]
[WhiteFideId "12930440"]
[BlackFideId "12971294"]
[EventCountry "GER"]
[EventRounds "7"]
[EventType "team-swiss"]
[EventDate "2016.12.26"]

1. e4 c6 2. Nc3 d5 3. Nf3 Nf6 4. e5 Ne4 5. d4 Nxc3 6. bxc3 e6 7. Bd3 c5 8. O-O
Nc6 9. Be3 c4 10. Be2 Bd7 11. Ng5 h6 12. Nh3 Qa5 13. Bd2 Ba3 14. Rb1 O-O-O 15.
Bg4 f5 16. exf6 gxf6 17. Nf4 e5 18. Bxd7+ Rxd7 19. Nh5 Be7 20. Qg4 exd4 21.
Rxb7 Ne5 22. Qg7 Kxb7 23. Qxh8 dxc3 24. Rb1+ Kc6 25. Qc8+ Kd6 26. Qb8+ Ke6 27.
Bxh6 Qd8 28. Qb5 Kf7 29. Bf4 Qb6 30. Kf1 d4 31. Ke1  1/2-1/2

[Event "DVM U16 2016"]
[Site "Neumarkt in der Oberpfalz GER"]
[Date "2016.12.28"]
[Round "4"]
[White "Petri, Ben-Luca"]
[Black "Baureis, Julian"]
[Result "1/2-1/2"]
[Termination "normal"]
[Board "4.3"]
[WhiteElo "1709"]
[BlackElo "1606"]
[WhiteTeam "Delmenhorster SK"]
[BlackTeam "SV Walldorf"]
[PlyCount "52"]
[WhiteFideId "12947261"]
[BlackFideId "12991112"]
[EventCountry "GER"]
[EventRounds "7"]
[EventType "team-swiss"]
[EventDate "2016.12.26"]

1. e4 c5 2. Nf3 e6 3. b3 Nc6 4. Bb2 Qc7 5. c4 d6 6. Nc3 a6 7. Be2 Nf6 8. O-O
Be7 9. Re1 O-O 10. d4 cxd4 11. Nxd4 Rd8 12. Bf3 d5 13. Nxc6 bxc6 14. exd5 cxd5
15. cxd5 exd5 16. Qe2 Be6 17. Rac1 Qa5 18. Red1 Ra7 19. Rc2 Rad7 20. a3 d4 21.
b4 Bxb4 22. axb4 Qxb4 23. Qe1 dxc3 24. Rxd7 Nxd7 25. Bxc3 Qb3 26. Rb2 Qa3 $155
1/2-1/2

[Event "DVM U16 2016"]
[Site "Neumarkt in der Oberpfalz GER"]
[Date "2016.12.28"]
[Round "4"]
[White "Brede, Robert"]
[Black "Rautenberg, Jakob"]
[Result "1-0"]
[Termination "normal"]
[Board "4.4"]
[WhiteElo "1471"]
[BlackElo "1697"]
[WhiteTeam "SV Walldorf"]
[BlackTeam "Delmenhorster SK"]
[PlyCount "47"]
[WhiteFideId "12971405"]
[BlackFideId "16214749"]
[EventCountry "GER"]
[EventRounds "7"]
[EventType "team-swiss"]
[EventDate "2016.12.26"]

1. c4 b6 2. Nc3 Bb7 3. Nf3 c5 4. g3 e6 5. Bg2 Nf6 6. O-O Be7 7. d3 d5 8. cxd5
exd5 9. d4 O-O 10. Bf4 Re8 11. Rc1 c4 12. b3 Ba3 13. Rb1 Bb4 14. Qc2 Bxc3 15.
Qxc3 cxb3 16. Qxb3 Rxe2 17. Ne5 Ne4 18. Ra1 Ba6 19. Rfc1 f6 20. Nf3 Bc4 21.
Rxc4 dxc4 22. Qxc4+ Kh8 23. Qxe2 Nc3 24. Qc4  1-0

[Event "DVM U16 2016"]
[Site "Neumarkt in der Oberpfalz GER"]
[Date "2016.12.28"]
[Round "4"]
[White "Browning, Alex"]
[Black "Linnert, Niklas"]
[Result "1/2-1/2"]
[Termination "normal"]
[Board "5.1"]
[WhiteElo "1938"]
[BlackElo "1806"]
[WhiteTeam "MS Halver-Schalksmühle"]
[BlackTeam "SK König Plauen"]
[PlyCount "95"]
[WhiteFideId "12984019"]
[BlackFideId "12974781"]
[EventCountry "GER"]
[EventRounds "7"]
[EventType "team-swiss"]
[EventDate "2016.12.26"]

1. e4 c5 2. Nf3 e6 3. c3 Nf6 4. e5 Nd5 5. d4 Nc6 6. a3 d6 7. Bd3 Be7 8. O-O a6
9. Qe2 Qc7 10. b4 cxd4 11. cxd4 b5 12. Ra2 Bb7 13. Rc2 Qb6 14. Nc3 Nxd4 15.
Nxd4 Qxd4 16. Bxb5+ Kf8 17. Rd1 Qxe5 18. Nxd5 Qxe2 19. Bxe2 Bxd5 20. Rc7 Ke8
21. Bb2 Bd8 22. Rcc1 Ke7 23. Rxd5 exd5 24. Bf3 f6 25. Bd4 Rb8 26. Bxd5 Bb6 27.
Bxb6 Rxb6 28. Rc7+ Kd8 29. Rxg7 Re8 30. h4 Re7 31. Rg8+ Kc7 32. Ra8 Re5 33.
Ra7+ Kd8 34. Bf3 d5 35. Rxh7 d4 36. h5 Rbe6 37. Ra7 f5 38. Ra8+ Ke7 39. Ra7+
Kf8 40. Rd7 Re1+ 41. Kh2 Ra1 42. Rxd4 Rxa3 43. Rd5 Rf6 44. b5 axb5 45. Rxb5 Kg7
46. Rb8 Rh6 47. Rc8 Kf6  1/&2-1/2

[Event "DVM U16 2016"]
[Site "Neumarkt in der Oberpfalz GER"]
[Date "2016.12.28"]
[Round "4"]
[White "Burian, Simon"]
[Black "Kölz, Niklas"]
[Result "1-0"]
[Termination "normal"]
[Board "5.2"]
[WhiteElo "1827"]
[BlackElo "1801"]
[WhiteTeam "SK König Plauen"]
[BlackTeam "MS Halver-Schalksmühle"]
[PlyCount "118"]
[WhiteFideId "12956902"]
[BlackFideId "12971758"]
[EventCountry "GER"]
[EventRounds "7"]
[EventType "team-swiss"]
[EventDate "2016.12.26"]

1. e4 c5 2. Nf3 e6 3. d4 cxd4 4. Nxd4 a6 5. c4 Nf6 6. Nc3 Bb4 7. f3 Qc7 8. Be3
O-O 9. Rc1 Nc6 10. Nxc6 dxc6 11. Be2 e5 12. O-O Be7 13. a3 a5 14. c5 Be6 15.
Qc2 Rfd8 16. Na4 Nd7 17. Qc3 Kh8 18. Bd3 Rf8 19. f4 f6 20. g4 Rg8 21. Kh1 g5
22. Be2 Rg7 23. Rcd1 h5 24. h3 h4 25. Rd2 Bg8 26. Rfd1 Nf8 27. Nb6 Ra7 28. Bc4
Kh7 29. Bxg8+ Kxg8 30. Qc4+ Kh8 31. b4 axb4 32. axb4 Ra3 33. Rd3 Rxd3 34. Rxd3
Kh7 35. Qc2 Kh8 36. Ra3 Bd8 37. Ra8 Qe7 38. Qd2 Bc7 39. Nc4 Rg8 40. Nd6 b5 41.
cxb6 Bxd6 42. Ra7 Qd8 43. Bc5 Be7 44. Qxd8 Bxd8 45. Rf7 Bxb6 46. Bxb6 Nh7 47.
Rc7 Ra8 48. Rxc6 Ra1+ 49. Kg2 Ra2+ 50. Bf2 Rb2 51. Rb6 Kg7 52. Rb7+ Kg8 53. b5
Nf8 54. b6 Kh8 55. Rc7 Kg8 56. b7 Kh8 57. Kf1 Rb1+ 58. Ke2 Rb2+ 59. Kd1  &1-0

[Event "DVM U16 2016"]
[Site "Neumarkt in der Oberpfalz GER"]
[Date "2016.12.28"]
[Round "4"]
[White "Browning, Rebecca"]
[Black "Graf, Lucas"]
[Result "1-0"]
[Termination "normal"]
[Board "5.3"]
[WhiteElo "1815"]
[BlackElo "1716"]
[WhiteTeam "MS Halver-Schalksmühle"]
[BlackTeam "SK König Plauen"]
[PlyCount "124"]
[WhiteFideId "12984027"]
[BlackFideId "12974889"]
[EventCountry "GER"]
[EventRounds "7"]
[EventType "team-swiss"]
[EventDate "2016.12.26"]

1. e4 c5 2. c3 Nf6 3. e5 Nd5 4. d4 cxd4 5. cxd4 d6 6. Nf3 dxe5 7. dxe5 e6 8.
Be2 Nc6 9. O-O Be7 10. Bd2 O-O 11. Nc3 Qc7 12. Rc1 Rd8 13. Nxd5 exd5 14. Nd4
Qxe5 15. Nxc6 bxc6 16. Rxc6 Qxb2 17. Ba5 Re8 18. Rc2 Qa3 19. Qxd5 Be6 20. Qd2
Rac8 21. Rfc1 Rxc2 22. Rxc2 h6 23. h3 Qd6 24. Qe3 Rb8 25. f4 Rb1+ 26. Kh2 Bg5
27. Bc7 Bxf4+ 28. Qxf4 Qxf4+ 29. Bxf4 Ra1 30. Rb2 Rxa2 31. Rb8+ Kh7 32. Bd3+ f5
33. Re8 Ra3 34. Rxe6 Rxd3 35. Ra6 Rd7 36. Be3 g6 37. Bxa7 Kg7 38. Be3 Kh7 39.
Bc1 Rb7 40. Ba3 Rd7 41. Bd6 Rf7 42. Be5 g5 43. Rf6 Rxf6 44. Bxf6 Kg6 45. Bd8
Kf7 46. Kg3 Kg6 47. Ba5 Kh5 48. Be1 Kg6 49. Kf3 Kf6 50. Ke3 Ke6 51. Kd4 Kd6 52.
Bb4+ Ke6 53. Bf8 h5 54. Bh6 Kf6 55. Bf8 Ke6 56. Bb4 Kf6 57. Kd5 Kf7 58. Ke5 Kg6
59. Bd2 h4 60. Be1 Kg7 61. Kxf5 Kh6 62. Kg4  &1-0

[Event "DVM U16 2016"]
[Site "Neumarkt in der Oberpfalz GER"]
[Date "2016.12.28"]
[Round "4"]
[White "Hörkner, Nico"]
[Black "Scholz, Sebastian"]
[Result "0-1"]
[Termination "normal"]
[Board "5.4"]
[WhiteElo "1622"]
[BlackElo "1681"]
[WhiteTeam "SK König Plauen"]
[BlackTeam "MS Halver-Schalksmühle"]
[PlyCount "100"]
[WhiteFideId "12974900"]
[BlackFideId "16202597"]
[EventCountry "GER"]
[EventRounds "7"]
[EventType "team-swiss"]
[EventDate "2016.12.26"]

1. d4 Nf6 2. Nf3 e6 3. e3 b6 4. Bd3 Bb7 5. Nbd2 c5 6. b3 cxd4 7. exd4 Nc6 8.
Bb2 Nb4 9. O-O Nxd3 10. cxd3 d5 11. Ne5 Bd6 12. f4 O-O 13. Rc1 Rc8 14. Qe2 Qe7
15. Nb1 Nd7 16. g3 Nb8 17. Rfe1 Rxc1 18. Rxc1 Rc8 19. Rxc8+ Bxc8 20. Nc3 Ba6
21. Qc2 f6 22. Nf3 Nc6 23. a3 Bb7 24. b4 a6 25. Na4 Qc7 26. Nc3 Na7 27. Qe2 Kf7
28. Kf2 Bc6 29. Qd2 Nb5 30. Ne2 a5 31. bxa5 bxa5 32. Qc1 a4 33. Nc3 Nxc3 34.
Qxc3 Qb6 35. Nd2 e5 36. Nf3 exf4 37. g4 Bb5 38. Ke2 Qb7 39. Bc1 Qe7+ 40. Kf2
Bd7 41. h3 g5 42. Qb2 Kg6 43. Nh2 h5 44. Kf3 Qe1 45. gxh5+ Kxh5 46. Ng4 Qg3+
47. Ke2 Bxg4+ 48. hxg4+ Qxg4+ 49. Ke1 Qg1+ 50. Ke2 Qg2+  0-1

[Event "DVM U16 2016"]
[Site "Neumarkt in der Oberpfalz GER"]
[Date "2016.12.28"]
[Round "4"]
[White "Grieb, Lukas"]
[Black "Kreyssig, Bruno"]
[Result "1/2-1/2"]
[Termination "normal"]
[Board "6.1"]
[WhiteElo "1810"]
[BlackElo "2165"]
[WhiteTeam "SK Gau-Algesheim"]
[BlackTeam "SG Leipzig"]
[PlyCount "48"]
[WhiteFideId "1271993"]
[BlackFideId "4692489"]
[EventCountry "GER"]
[EventRounds "7"]
[EventType "team-swiss"]
[EventDate "2016.12.26"]

1. e4 c5 2. Nf3 d6 3. d4 cxd4 4. Nxd4 Nf6 5. Nc3 g6 6. h3 Bg7 7. Be3 O-O 8. Nb3
Nc6 9. Qd2 a6 10. a4 Be6 11. O-O-O b5 12. f3 Bxb3 13. cxb3 Na5 14. Kb1 Nxb3 15.
Qc2 bxa4 16. Nxa4 Rb8 17. Rd3 Rb4 18. Rxb3 Rxa4 19. Rb6 Qd7 20. b3 Ra5 21. Qc3
Ra3 22. Qb2 Ra5 23. Qc3 Ra3 24. Qb2 Ra5  1/2-1/2

[Event "DVM U16 2016"]
[Site "Neumarkt in der Oberpfalz GER"]
[Date "2016.12.28"]
[Round "4"]
[White "Halas, Julia"]
[Black "Erlekam, Simon"]
[Result "0-1"]
[Termination "normal"]
[Board "6.2"]
[WhiteElo "1839"]
[BlackElo "1843"]
[WhiteTeam "SG Leipzig"]
[BlackTeam "SK Gau-Algesheim"]
[PlyCount "50"]
[WhiteFideId "12931810"]
[BlackFideId "12921416"]
[EventCountry "GER"]
[EventRounds "7"]
[EventType "team-swiss"]
[EventDate "2016.12.26"]

1. d4 Nf6 2. c4 g6 3. Nc3 Bg7 4. e4 d6 5. Nf3 O-O 6. Be2 Nbd7 7. O-O e5 8. Be3
c6 9. d5 c5 10. Ne1 Ne8 11. Nd3 f5 12. f3 f4 13. Bf2 g5 14. b4 b6 15. a4 Qf6
16. a5 Rb8 17. axb6 axb6 18. Ra7 Qg6 19. Qa4 Ndf6 20. Nb5 g4 21. Nxd6 Nxd6 22.
Nxf4 exf4 23. e5 gxf3 24. Bxf3 Nfe4 25. exd6 Nd2  0-1

[Event "DVM U16 2016"]
[Site "Neumarkt in der Oberpfalz GER"]
[Date "2016.12.28"]
[Round "4"]
[White "Breitenbach, Justin"]
[Black "Hofmann, Timo"]
[Result "1/2-1/2"]
[Termination "normal"]
[Board "6.3"]
[WhiteElo "1453"]
[BlackElo "1858"]
[WhiteTeam "SK Gau-Algesheim"]
[BlackTeam "SG Leipzig"]
[PlyCount "55"]
[WhiteFideId "12971383"]
[BlackFideId "12946044"]
[EventCountry "GER"]
[EventRounds "7"]
[EventType "team-swiss"]
[EventDate "2016.12.26"]

1. e4 e6 2. d4 d5 3. exd5 exd5 4. Nf3 Nc6 5. c4 Nf6 6. Nc3 Bb4 7. a3 Bxc3+ 8.
bxc3 O-O 9. Be2 dxc4 10. Bxc4 Re8+ 11. Be3 Nd5 12. Qd3 Nf4 13. Qc2 Nxg2+ 14.
Kd2 Nxe3 15. fxe3 Qf6 16. Raf1 Bf5 17. Qb3 Na5 18. Bxf7+ Qxf7 19. Qxf7+ Kxf7
20. Ng5+ Kg6 21. Rhg1 Nc4+ 22. Kc1 Nxe3 23. Rf3 h6 24. Ne6+ Kf6 25. Nxc7 Nc4
26. Nd5+ Ke6 27. Nc7+ Kf6  1/&2-1/2

[Event "DVM U16 2016"]
[Site "Neumarkt in der Oberpfalz GER"]
[Date "2016.12.28"]
[Round "4"]
[White "Knüpfer, Tim"]
[Black "Jilge, Sebastian"]
[Result "1-0"]
[Termination "normal"]
[Board "6.4"]
[WhiteElo "1753"]
[BlackElo "1395"]
[WhiteTeam "SG Leipzig"]
[BlackTeam "SK Gau-Algesheim"]
[PlyCount "37"]
[WhiteFideId "16217489"]
[BlackFideId "16208048"]
[EventCountry "GER"]
[EventRounds "7"]
[EventType "team-swiss"]
[EventDate "2016.12.26"]

1. e4 e5 2. Nf3 Nc6 3. Bc4 Bc5 4. b4 Bxb4 5. c3 Bc5 6. d4 exd4 7. O-O dxc3 8.
Bxf7+ Kxf7 9. Qd5+ Kf8 10. Qxc5+ Qe7 11. Qc4 Nf6 12. Re1 d6 13. e5 d5 14. Qf4
c2 15. Ba3 cxb1=Q 16. Bxe7+ Nxe7 17. Raxb1 Ng6 18. Qb4+ Kf7 19. exf6  1-0

[Event "DVM U16 2016"]
[Site "Neumarkt in der Oberpfalz GER"]
[Date "2016.12.28"]
[Round "4"]
[White "Kesselmeier, Kevin"]
[Black "Balazs, Balint"]
[Result "0-1"]
[Termination "normal"]
[Board "7.1"]
[WhiteElo "1893"]
[BlackElo "2084"]
[WhiteTeam "SK Blauer Springer Paderborn"]
[BlackTeam "Hagener SV"]
[PlyCount "160"]
[WhiteFideId "16217551"]
[BlackFideId "12922757"]
[EventCountry "GER"]
[EventRounds "7"]
[EventType "team-swiss"]
[EventDate "2016.12.26"]

1. f4 b6 2. Nf3 Bb7 3. g3 e6 4. Bg2 Nf6 5. c3 Be7 6. O-O d6 7. d3 c5 8. e4 Qc7
9. Qc2 Nbd7 10. h3 c4 11. Nfd2 cxd3 12. Qxd3 Nc5 13. Qc2 O-O 14. b4 Ncd7 15.
Na3 a6 16. Nb3 Rac8 17. Bd2 d5 18. e5 Ne4 19. Bxe4 dxe4 20. Nd4 Rfd8 21. Rac1
b5 22. Be3 Nb6 23. Rfe1 Nd5 24. Qd2 Nxe3 25. Qxe3 Qb6 26. Rcd1 f6 27. Kh2 fxe5
28. fxe5 Bd5 29. Nf5 Qxe3 30. Nxe7+ Kf7 31. Rxe3 Kxe7 32. Rd2 Rf8 33. Kg1 Rf5
34. Nc2 Rcf8 35. Nd4 Rf1+ 36. Kg2 Ra1 37. h4 Rff1 38. Kh2 h5 39. Kg2 Rg1+ 40.
Kh2 Rh1+ 41. Kg2 Raf1 42. Rde2 Rfg1+ 43. Kf2 Rc1 44. Kg2 Rhg1+ 45. Kh2 Rgd1 46.
Nb3 Rh1+ 47. Kg2 Rcg1+ 48. Kf2 Rd1 49. Kg2 Rhg1+ 50. Kh2 Rgf1 51. Nd2 Rf5 52.
Nxe4 Rxe5 53. Kg2 Rxe4 54. Rxe4 Kf6 55. Kf2 Bxe4 56. Rxe4 Rd2+ 57. Ke3 Rg2 58.
Rf4+ Ke5 59. Re4+ Kf6 60. Rf4+ Ke7 61. Rf3 Rxa2 62. Kd4 Rd2+ 63. Ke4 Rd5 64.
Ke3 Rf5 65. Rf4 Rxf4 66. Kxf4 Kf6 67. Ke4 e5 68. Kd5 Kf5 69. c4 bxc4 70. Kxc4
Ke4 71. Kc5 Kf3 72. Kb6 e4 73. Kxa6 e3 74. b5 e2 75. b6 e1=Q 76. b7 Qb4 77. Ka7
Qa5+ 78. Kb8 Kxg3 79. Kc8 Qc5+ 80. Kd8 Qb6+  0-1

[Event "DVM U16 2016"]
[Site "Neumarkt in der Oberpfalz GER"]
[Date "2016.12.28"]
[Round "4"]
[White "Laubrock, Paul"]
[Black "Möller, Lisa-Marie"]
[Result "1-0"]
[Termination "normal"]
[Board "7.2"]
[WhiteElo "1931"]
[BlackElo "1772"]
[WhiteTeam "Hagener SV"]
[BlackTeam "SK Blauer Springer Paderborn"]
[PlyCount "123"]
[WhiteFideId "1270509"]
[BlackFideId "12959367"]
[EventCountry "GER"]
[EventRounds "7"]
[EventType "team-swiss"]
[EventDate "2016.12.26"]

1. e4 d5 2. exd5 Qxd5 3. Nc3 Qa5 4. d4 c6 5. Bc4 Nf6 6. Nf3 Bf5 7. Ne5 e6 8. g4
Bg6 9. h4 Nbd7 10. Bf4 Be4 11. Rh3 Bd5 12. Bf1 Nxe5 13. Bxe5 Ne4 14. a3 O-O-O
15. b4 Nxc3 16. Rxc3 Qb6 17. Re3 f6 18. Bg3 e5 19. dxe5 Bc4 20. Bd3 Bxd3 21.
Rxd3 Be7 22. Qf3 Rxd3 23. Qxd3 Qd8 24. Qe3 Qb6 25. Qe4 Rd8 26. Qf5+ Rd7 27. Rd1
Qd8 28. f3 g6 29. Qe6 fxe5 30. Rxd7 Qxd7 31. Qxe5 Kd8 32. Qb8+ Qc8 33. Qxa7 Ke8
34. Qe3 Qd7 35. Qe5 b5 36. Bf4 Kf7 37. Bg5 Bxg5 38. hxg5 Kg8 39. Ke2 Qf7 40.
Qe4 Qd7 41. c4 Kf7 42. cxb5 cxb5 43. Qe5 Kg8 44. Qe3 Kf7 45. Kf2 Kg8 46. Kg3
Qd6+ 47. f4 Kf7 48. Kh3 Qc6 49. f5 gxf5 50. gxf5 Qh1+ 51. Kg3 Qd5 52. Qf3 Qd6+
53. Kg4 Qd7 54. Kh5 Kg7 55. f6+ Kf7 56. Kh6 Kf8 57. f7 Qd4 58. Qa8+ Kxf7 59.
Qb7+ Kf8 60. Qc8+ Ke7 61. Qc5+ Qxc5 62. bxc5  1-0

[Event "DVM U16 2016"]
[Site "Neumarkt in der Oberpfalz GER"]
[Date "2016.12.28"]
[Round "4"]
[White "Scheidt, Mike Niklas"]
[Black "Müller, Noah"]
[Result "0-1"]
[Termination "normal"]
[Board "7.4"]
[WhiteElo "1580"]
[BlackElo "1583"]
[WhiteTeam "Hagener SV"]
[BlackTeam "SK Blauer Springer Paderborn"]
[PlyCount "87"]
[WhiteFideId "12965235"]
[BlackFideId "16217586"]
[EventCountry "GER"]
[EventRounds "7"]
[EventType "team-swiss"]
[EventDate "2016.12.26"]

1. d4 d5 2. Bf4 e6 3. Nf3 c6 4. e3 Nf6 5. c4 Nbd7 6. Nc3 Be7 7. Bd3 Nh5 8. Ne5
Nxf4 9. exf4 Nxe5 10. fxe5 Qb6 11. c5 Qd8 12. Qg4 g6 13. h4 h5 14. Qf4 b6 15.
cxb6 Qxb6 16. Rb1 Ba6 17. Bc2 Qb4 18. a3 Qa5 19. g4 Rb8 20. Kd2 Qd8 21. g5 Qa5
22. Rh3 Bc4 23. Kd1 Bb3 24. Rf3 Bxc2+ 25. Kxc2 Rf8 26. Qd2 c5 27. dxc5 Qxc5 28.
Rf4 Rc8 29. Rd4 Qc7 30. f4 Bc5 31. Ra4 Qc6 32. Qd3 Bb6 33. b3 d4 34. Rc4 Qg2+
35. Ne2 Rxc4+ 36. Qxc4 Kd7 37. Kb2 Rc8 38. Qb5+ Ke7 39. Rd1 Qf2 40. Qd3 Rc3 41.
Qd2 Re3 42. Nxd4 Bxd4+ 43. Kb1 Rxb3+  &0-1